00319nam a2200109Ia 4500008004100000041000800041100002400049245006500073260003300138300000800171700003000179250110s9999 xx 000 0 und d aeng aKumbhar Dhavalshree aLandscape Development Proposal For Krishna Riverfront Sangli bM Arch Landscape, Punec2012 a80p aGuide Name:Madkaikar Ajit